000 00686cam a2200205 a 4500
001 4923449
005 20231121231424.0
008 950125s1995 enk 001 0 eng
020 _a0719044707
020 _a0719044715 (pbk.)
040 _aDLC
_cDLC
_dDLC
082 0 0 _a305.42/01
_220
245 0 0 _aFeminist cultural theory :
_bprocess and production /
_cedited by Beverley Skeggs.
260 _aManchester ;
_aNew York :
_bManchester University Press ;
_aNew York :
_bDistributed exclusively in the USA and Canada by St. Martin's Press,
_c1995.
300 _aviii, 235 p. ;
650 0 _aFeminist theory
650 0 _aFeminist criticism.
700 1 _aSkeggs, Beverley.
_eedt
942 _cL
999 _c47
_d47